<?xml version="1.0" encoding="UTF-8"?>
<record
    xmlns:xsi="http://www.w3.org/2001/XMLSchema-instance"
    xsi:schemaLocation="http://www.loc.gov/MARC21/slim http://www.loc.gov/standards/marcxml/schema/MARC21slim.xsd"
    xmlns="http://www.loc.gov/MARC21/slim">

  <leader>01313nam a22002297a 4500</leader>
  <controlfield tag="005">20240115111658.0</controlfield>
  <datafield tag="010" ind1=" " ind2=" ">
    <subfield code="a">17-18HN-4.8.17     B-706507-516 HIN-126725</subfield>
  </datafield>
  <datafield tag="020" ind1=" " ind2=" ">
    <subfield code="a">9788126711697</subfield>
    <subfield code="c">1750.00</subfield>
  </datafield>
  <datafield tag="035" ind1=" " ind2=" ">
    <subfield code="a">HN-99071</subfield>
  </datafield>
  <datafield tag="035" ind1=" " ind2=" ">
    <subfield code="a">B-706507-516</subfield>
  </datafield>
  <datafield tag="037" ind1=" " ind2=" ">
    <subfield code="a">G</subfield>
    <subfield code="b">&#x930;&#x93E;&#x91C;&#x915;&#x92E;&#x932; &#x92A;&#x94D;&#x930;&#x915;&#x93E;&#x936;&#x928;</subfield>
  </datafield>
  <datafield tag="082" ind1=" " ind2=" ">
    <subfield code="a">781.542092</subfield>
  </datafield>
  <datafield tag="100" ind1=" " ind2=" ">
    <subfield code="a"> &#x92A;&#x902;&#x915;&#x91C;  &#x930;&#x93E;&#x917;</subfield>
    <subfield code="9">60933</subfield>
  </datafield>
  <datafield tag="245" ind1=" " ind2=" ">
    <subfield code="a">&#x927;&#x941;&#x928;&#x94B;&#x902; &#x915;&#x940; &#x92F;&#x93E;&#x924;&#x94D;&#x930;&#x93E; :</subfield>
    <subfield code="c">&#x92A;&#x902;&#x915;&#x91C; &#x930;&#x93E;&#x917; </subfield>
    <subfield code="b">&#x939;&#x93F;&#x928;&#x94D;&#x926;&#x940; &#x92B;&#x93F;&#x932;&#x94D;&#x92E;&#x94B;&#x902; &#x915;&#x947; &#x938;&#x902;&#x917;&#x940;&#x924;&#x915;&#x93E;&#x930; 1931-2005 /</subfield>
  </datafield>
  <datafield tag="246" ind1=" " ind2=" ">
    <subfield code="a">Dhunon ki Yatra /</subfield>
  </datafield>
  <datafield tag="250" ind1=" " ind2=" ">
    <subfield code="a">4&#x925;&#x93E; &#x938;&#x902;&#x938;&#x94D;&#x915;</subfield>
  </datafield>
  <datafield tag="260" ind1=" " ind2=" ">
    <subfield code="a"> &#x928;&#x908; &#x926;&#x93F;&#x932;&#x94D;&#x932;&#x940; </subfield>
    <subfield code="b">&#x930;&#x93E;&#x91C;&#x915;&#x92E;&#x932; &#x92A;&#x94D;&#x930;&#x915;&#x93E;&#x936;&#x928;</subfield>
    <subfield code="c">2017 </subfield>
  </datafield>
  <datafield tag="270" ind1=" " ind2=" ">
    <subfield code="a">1-&#x92C;&#x940;,&#x928;&#x947;&#x924;&#x93E;&#x91C;&#x940; &#x938;&#x941;&#x92D;&#x93E;&#x937; &#x92E;&#x93E;&#x930;&#x94D;&#x917;,&#x926;&#x930;&#x93F;&#x92F;&#x93E;&#x917;&#x902;&#x91C;</subfield>
    <subfield code="b">&#x928;&#x908; &#x926;&#x93F;&#x932;&#x94D;&#x932;&#x940; </subfield>
    <subfield code="e">110002</subfield>
  </datafield>
  <datafield tag="300" ind1=" " ind2=" ">
    <subfield code="a">766&#x92A;&#x943;. :</subfield>
    <subfield code="c">25&#x938;&#x947;&#x92E;&#x940;(&#x938;&#x91C;&#x93F;&#x932;&#x94D;&#x926;)</subfield>
    <subfield code="b">&#x938;&#x91A;&#x93F;&#x924;&#x94D;&#x930;</subfield>
  </datafield>
  <datafield tag="942" ind1=" " ind2=" ">
    <subfield code="2">ddc</subfield>
    <subfield code="c">HN</subfield>
    <subfield code="h">781.542092</subfield>
    <subfield code="m">&#x930;&#x93E;&#x917;&#x92A;&#x902;</subfield>
  </datafield>
  <datafield tag="999" ind1=" " ind2=" ">
    <subfield code="c">146352</subfield>
    <subfield code="d">146352</subfield>
  </datafield>
  <datafield tag="952" ind1=" " ind2=" ">
    <subfield code="0">0</subfield>
    <subfield code="1">0</subfield>
    <subfield code="4">0</subfield>
    <subfield code="7">1</subfield>
    <subfield code="8">REF</subfield>
    <subfield code="a">AV</subfield>
    <subfield code="b">AV</subfield>
    <subfield code="d">2018-07-05</subfield>
    <subfield code="e">DBAD/PUB</subfield>
    <subfield code="g">1750.00</subfield>
    <subfield code="l">0</subfield>
    <subfield code="o">781.542092 &#x930;&#x93E;&#x917;&#x92A;&#x902;</subfield>
    <subfield code="p">HN-99071</subfield>
    <subfield code="r">2018-07-05 00:00:00</subfield>
    <subfield code="t">1</subfield>
    <subfield code="v">1750.00</subfield>
    <subfield code="w">2018-07-05</subfield>
    <subfield code="y">HN</subfield>
  </datafield>
  <datafield tag="952" ind1=" " ind2=" ">
    <subfield code="0">0</subfield>
    <subfield code="1">0</subfield>
    <subfield code="4">0</subfield>
    <subfield code="7">0</subfield>
    <subfield code="8">REF</subfield>
    <subfield code="a">L</subfield>
    <subfield code="b">L</subfield>
    <subfield code="d">2018-12-05</subfield>
    <subfield code="e">&#x930;&#x93E;&#x91C;&#x915;&#x92E;&#x932; &#x92A;&#x94D;&#x930;&#x915;&#x93E;&#x936;&#x928; BL- BR795/04.05.18/270/04.05.18/18.09.18</subfield>
    <subfield code="g">1750.00</subfield>
    <subfield code="l">0</subfield>
    <subfield code="o">781.542092 &#x92A;&#x902;&#x915;&#x91C;</subfield>
    <subfield code="p">B-706507</subfield>
    <subfield code="r">2018-12-05 00:00:00</subfield>
    <subfield code="t">1</subfield>
    <subfield code="v">1750.00</subfield>
    <subfield code="y">HN</subfield>
  </datafield>
  <datafield tag="952" ind1=" " ind2=" ">
    <subfield code="0">0</subfield>
    <subfield code="1">0</subfield>
    <subfield code="4">0</subfield>
    <subfield code="7">0</subfield>
    <subfield code="8">REF</subfield>
    <subfield code="a">AV</subfield>
    <subfield code="b">AV</subfield>
    <subfield code="d">2018-12-05</subfield>
    <subfield code="e">&#x930;&#x93E;&#x91C;&#x915;&#x92E;&#x932; &#x92A;&#x94D;&#x930;&#x915;&#x93E;&#x936;&#x928; BL- BR795/04.05.18/270/04.05.18/18.09.18</subfield>
    <subfield code="g">1750.00</subfield>
    <subfield code="l">0</subfield>
    <subfield code="o">781.542092 &#x92A;&#x902;&#x915;&#x91C;</subfield>
    <subfield code="p">B-706508</subfield>
    <subfield code="r">2018-12-05 00:00:00</subfield>
    <subfield code="t">1</subfield>
    <subfield code="v">1750.00</subfield>
    <subfield code="y">HN</subfield>
  </datafield>
  <datafield tag="952" ind1=" " ind2=" ">
    <subfield code="0">0</subfield>
    <subfield code="1">0</subfield>
    <subfield code="4">0</subfield>
    <subfield code="7">0</subfield>
    <subfield code="8">REF</subfield>
    <subfield code="a">BL1</subfield>
    <subfield code="b">BL1</subfield>
    <subfield code="d">2018-12-05</subfield>
    <subfield code="e">&#x930;&#x93E;&#x91C;&#x915;&#x92E;&#x932; &#x92A;&#x94D;&#x930;&#x915;&#x93E;&#x936;&#x928; BL- BR795/04.05.18/270/04.05.18/18.09.18</subfield>
    <subfield code="g">1750.00</subfield>
    <subfield code="l">6</subfield>
    <subfield code="m">4</subfield>
    <subfield code="o">781.542092 &#x92A;&#x902;&#x915;&#x91C;</subfield>
    <subfield code="p">B-706509</subfield>
    <subfield code="r">2019-06-10 00:00:00</subfield>
    <subfield code="s">2019-05-27</subfield>
    <subfield code="t">1</subfield>
    <subfield code="v">1750.00</subfield>
    <subfield code="y">HN</subfield>
  </datafield>
  <datafield tag="952" ind1=" " ind2=" ">
    <subfield code="0">0</subfield>
    <subfield code="1">0</subfield>
    <subfield code="4">0</subfield>
    <subfield code="7">0</subfield>
    <subfield code="8">REF</subfield>
    <subfield code="a">KGM</subfield>
    <subfield code="b">KGM</subfield>
    <subfield code="d">2018-12-05</subfield>
    <subfield code="e">&#x930;&#x93E;&#x91C;&#x915;&#x92E;&#x932; &#x92A;&#x94D;&#x930;&#x915;&#x93E;&#x936;&#x928; BL- BR795/04.05.18/270/04.05.18/18.09.18</subfield>
    <subfield code="g">1750.00</subfield>
    <subfield code="l">0</subfield>
    <subfield code="o">781.542092 &#x92A;&#x902;&#x915;&#x91C;</subfield>
    <subfield code="p">B-706510</subfield>
    <subfield code="r">2018-12-05 00:00:00</subfield>
    <subfield code="t">1</subfield>
    <subfield code="v">1750.00</subfield>
    <subfield code="y">HN</subfield>
  </datafield>
  <datafield tag="952" ind1=" " ind2=" ">
    <subfield code="0">0</subfield>
    <subfield code="1">0</subfield>
    <subfield code="4">0</subfield>
    <subfield code="7">0</subfield>
    <subfield code="8">REF</subfield>
    <subfield code="a">PR</subfield>
    <subfield code="b">PR</subfield>
    <subfield code="d">2018-12-05</subfield>
    <subfield code="e">&#x930;&#x93E;&#x91C;&#x915;&#x92E;&#x932; &#x92A;&#x94D;&#x930;&#x915;&#x93E;&#x936;&#x928; BL- BR795/04.05.18/270/04.05.18/18.09.18</subfield>
    <subfield code="g">1750.00</subfield>
    <subfield code="l">1</subfield>
    <subfield code="o">781.542092 &#x92A;&#x902;&#x915;&#x91C;</subfield>
    <subfield code="p">B-706511</subfield>
    <subfield code="r">2019-07-11 00:00:00</subfield>
    <subfield code="s">2019-06-27</subfield>
    <subfield code="t">1</subfield>
    <subfield code="v">1750.00</subfield>
    <subfield code="y">HN</subfield>
  </datafield>
  <datafield tag="952" ind1=" " ind2=" ">
    <subfield code="0">0</subfield>
    <subfield code="1">0</subfield>
    <subfield code="4">0</subfield>
    <subfield code="7">0</subfield>
    <subfield code="8">REF</subfield>
    <subfield code="a">JP</subfield>
    <subfield code="b">JP</subfield>
    <subfield code="d">2018-12-05</subfield>
    <subfield code="e">&#x930;&#x93E;&#x91C;&#x915;&#x92E;&#x932; &#x92A;&#x94D;&#x930;&#x915;&#x93E;&#x936;&#x928; BL- BR795/04.05.18/270/04.05.18/18.09.18</subfield>
    <subfield code="g">1750.00</subfield>
    <subfield code="l">0</subfield>
    <subfield code="o">781.542092 &#x92A;&#x902;&#x915;&#x91C;</subfield>
    <subfield code="p">B-706512</subfield>
    <subfield code="r">2018-12-05 00:00:00</subfield>
    <subfield code="t">1</subfield>
    <subfield code="v">1750.00</subfield>
    <subfield code="y">HN</subfield>
  </datafield>
  <datafield tag="952" ind1=" " ind2=" ">
    <subfield code="0">0</subfield>
    <subfield code="1">0</subfield>
    <subfield code="4">0</subfield>
    <subfield code="7">0</subfield>
    <subfield code="8">REF</subfield>
    <subfield code="a">ZLS</subfield>
    <subfield code="b">ZLS</subfield>
    <subfield code="d">2018-12-05</subfield>
    <subfield code="e">&#x930;&#x93E;&#x91C;&#x915;&#x92E;&#x932; &#x92A;&#x94D;&#x930;&#x915;&#x93E;&#x936;&#x928; BL- BR795/04.05.18/270/04.05.18/18.09.18</subfield>
    <subfield code="g">1750.00</subfield>
    <subfield code="l">1</subfield>
    <subfield code="o">781.542092 &#x92A;&#x902;&#x915;&#x91C;</subfield>
    <subfield code="p">B-706513</subfield>
    <subfield code="r">2019-02-13 00:00:00</subfield>
    <subfield code="s">2019-02-07</subfield>
    <subfield code="t">1</subfield>
    <subfield code="v">1750.00</subfield>
    <subfield code="y">HN</subfield>
  </datafield>
  <datafield tag="952" ind1=" " ind2=" ">
    <subfield code="0">0</subfield>
    <subfield code="1">0</subfield>
    <subfield code="4">0</subfield>
    <subfield code="7">0</subfield>
    <subfield code="8">REF</subfield>
    <subfield code="a">BKK</subfield>
    <subfield code="b">BKK</subfield>
    <subfield code="d">2018-12-05</subfield>
    <subfield code="e">&#x930;&#x93E;&#x91C;&#x915;&#x92E;&#x932; &#x92A;&#x94D;&#x930;&#x915;&#x93E;&#x936;&#x928; BL- BR795/04.05.18/270/04.05.18/18.09.18</subfield>
    <subfield code="g">1750.00</subfield>
    <subfield code="l">0</subfield>
    <subfield code="o">781.542092 &#x92A;&#x902;&#x915;&#x91C;</subfield>
    <subfield code="p">B-706514</subfield>
    <subfield code="r">2018-12-05 00:00:00</subfield>
    <subfield code="t">1</subfield>
    <subfield code="v">1750.00</subfield>
    <subfield code="y">HN</subfield>
  </datafield>
  <datafield tag="952" ind1=" " ind2=" ">
    <subfield code="0">0</subfield>
    <subfield code="1">0</subfield>
    <subfield code="4">0</subfield>
    <subfield code="7">0</subfield>
    <subfield code="8">REF</subfield>
    <subfield code="a">NR</subfield>
    <subfield code="b">NR</subfield>
    <subfield code="d">2018-12-05</subfield>
    <subfield code="e">&#x930;&#x93E;&#x91C;&#x915;&#x92E;&#x932; &#x92A;&#x94D;&#x930;&#x915;&#x93E;&#x936;&#x928; BL- BR795/04.05.18/270/04.05.18/18.09.18</subfield>
    <subfield code="g">1750.00</subfield>
    <subfield code="l">0</subfield>
    <subfield code="o">781.542092 &#x92A;&#x902;&#x915;&#x91C;</subfield>
    <subfield code="p">B-706515</subfield>
    <subfield code="r">2018-12-05 00:00:00</subfield>
    <subfield code="t">1</subfield>
    <subfield code="v">1750.00</subfield>
    <subfield code="y">HN</subfield>
  </datafield>
  <datafield tag="952" ind1=" " ind2=" ">
    <subfield code="0">0</subfield>
    <subfield code="1">0</subfield>
    <subfield code="4">0</subfield>
    <subfield code="7">0</subfield>
    <subfield code="8">REF</subfield>
    <subfield code="a">BN</subfield>
    <subfield code="b">BN</subfield>
    <subfield code="d">2018-12-05</subfield>
    <subfield code="e">&#x930;&#x93E;&#x91C;&#x915;&#x92E;&#x932; &#x92A;&#x94D;&#x930;&#x915;&#x93E;&#x936;&#x928; BL- BR795/04.05.18/270/04.05.18/18.09.18</subfield>
    <subfield code="g">1750.00</subfield>
    <subfield code="l">2</subfield>
    <subfield code="m">1</subfield>
    <subfield code="o">781.542092 &#x92A;&#x902;&#x915;&#x91C;</subfield>
    <subfield code="p">B-706516</subfield>
    <subfield code="r">2019-04-04 00:00:00</subfield>
    <subfield code="s">2019-03-05</subfield>
    <subfield code="t">1</subfield>
    <subfield code="v">1750.00</subfield>
    <subfield code="y">HN</subfield>
  </datafield>
</record>
